00601nam a2200169Ia 4500008004000000020001800040082001500058100002600073245007400099260005200173300001200225650001900237690001800256906001100274999001700285952012900302210210b1995 xxu||||| |||| 00| 0 eng d a81 207 1723 6 a428.2 MOHS aMOHANRAJ (Jayashree). aSpoken-conversational english: a source book for teachers of english. aNew Delhi.bSterling Publishers Pvt Ltd.,c1995 axii,100 aConversation  aEnglish Usage a050932 c99563d99563 001040708EnglishaALbALcEnglish Languaged2021-02-17g60.00l0o428.2 MOHSp050932r2021-02-17 00:00:00w2021-02-17yBK